[Event "IECG QN.2005.0.00354 email"]
[Site "IECG email"]
[Date "2005.03.18"]
[Round "?"]
[White "Hore, David"]
[Black "Ushakov, Vjacheslav A"]
[Result "1-0"]
[WhiteElo "800"]
[BlackElo "800"]
[PlyCount "61"]
[EventDate "2005.03.18"]
[EventType "tourn (corr)"]
[EventRounds "6"]
[SourceTitle "Corr 2008"]
[Source "ChessBase"]
[SourceDate "2008.06.24"]
[SourceVersion "1"]
[SourceVersionDate "2008.06.24"]
[SourceQuality "1"]

1. e4 e5 2. Nf3 d5 3. Nxe5 Qf6 4. d4 dxe4 5. Nd2 Qf4 6. Bc4 Be6 7. Bxe6 fxe6 8. Qh5+ g6 9. Nxg6 Nf6 10. Nxf4+ Nxh5 11. Nxh5 Be7 12. Nxe4 Nc6 13. c3 0-0-0 14. Bg5 Rd5 15. Bxe7 Nxe7 16. Nf4 Rb5 17. Nd3 Rd8 18. Nec5 Rb6 19. 0-0-0 Nf5 20. Rhe1 e5 21. Rxe5 Nh4 22. Re7 Rh8 23. Ne6 Rxe6 24. Rxe6 Nxg2 25. Rh6 c6 26. Rg1 Rg8 27. Rxh7 Rg5 28. Ne1 c5 29. dxc5 Re5 30. Nf3 Rxc5 31. Rxg2 1-0

[Event "IECG QN.2005.0.00354 email"]
[Site "IECG email"]
[Date "2005.03.18"]
[Round "?"]
[White "Hore, David"]
[Black "Venturas, Bob"]
[Result "1-0"]
[WhiteElo "800"]
[BlackElo "850"]
[PlyCount "50"]
[EventDate "2005.03.18"]
[EventType "tourn (corr)"]
[EventRounds "6"]
[SourceTitle "Corr 2008"]
[Source "ChessBase"]
[SourceDate "2008.06.24"]
[SourceVersion "1"]
[SourceVersionDate "2008.06.24"]
[SourceQuality "1"]

1. e4 e5 2. Nf3 Nc6 3. Bb5 Nf6 4. 0-0 Be7 5. Re1 0-0 6. Bxc6 dxc6 7. Nxe5 Re8 8. d4 Bd6 9. Nc3 Bxe5 10. dxe5 Qxd1 11. Rxd1 Nd7 12. f4 Nc5 13. Be3 Bg4 14. Bxc5 Bxd1 15. Rxd1 h6 16. Rd7 b6 17. Be7 Rac8 18. Ne2 a5 19. Nd4 c5 20. Nb5 Kh7 21. Nxc7 Rg8 22. Bd6 Kh8 23. Rxf7 g5 24. e6 Rxc7 25. Be5+ Rg7 1-0

[Event "IECG QN.2005.0.00354 email"]
[Site "IECG email"]
[Date "2005.03.18"]
[Round "?"]
[White "Ushakov, Vjacheslav A"]
[Black "Hore, David"]
[Result "0-1"]
[WhiteElo "800"]
[BlackElo "800"]
[PlyCount "62"]
[EventDate "2005.03.18"]
[EventType "tourn (corr)"]
[EventRounds "6"]
[SourceTitle "Corr 2008"]
[Source "ChessBase"]
[SourceDate "2008.06.24"]
[SourceVersion "1"]
[SourceVersionDate "2008.06.24"]
[SourceQuality "1"]

1. e4 e5 2. Nf3 Nc6 3. d4 exd4 4. Nxd4 Bc5 5. c3 Qh4 6. Qd3 Nf6 7. Nd2 Ng4 8. g3 Qf6 9. f3 Nge5 10. Qe3 0-0 11. Be2 d6 12. 0-0 Bh3 13. Re1 Ng4 14. Bf1 Nxe3 15. Bxh3 Nxd4 16. cxd4 Bxd4 17. Rxe3 Bxe3+ 18. Kg2 Bxd2 19. Bxd2 Qxb2 20. Rd1 Qc2 21. Rf1 Qxd2+ 22. Rf2 Qc3 23. Re2 Rfe8 24. Bd7 Re7 25. Bb5 a6 26. Ba4 Qc4 27. Bd1 Qd3 28. Re1 Qd2+ 29. Kf1 Qxh2 30. Bb3 Qxg3 31. Ke2 Qg2+ 0-1